000 00869nam a2200253 a 4500
001 BRCA_1913
005 20190320203611.0
008 060608s1997----sp-a---###---#000-0#spa-#
020 _a8487317561
041 _aspa
044 _asp
050 4 _aND1460.S46
_b.C56 1997
245 1 0 _aLos cinco sentidos y el arte.
260 _aEspaña
_bMuseo del Prado
_c1997
300 _a397 p.
_bil. (algunas a color)
_c28 cm.
500 _aCatálogo de la exposición realizada en el Museo del Prado (Madrid), septiembre 1997
500 _aIncluye piezas de la colección Franz Mayer: p. 172-173
504 _aBibliografía : p. 379-397
610 2 4 _aMuseo del Prado (Madrid)
_xColecciones de pintura
_95899
650 1 4 _aSentidos
_xEn la pintura
_95900
650 1 4 _aArte
_xPercepción sensorial
_95901
650 1 4 _aPintura
_ySiglo XVI-XVII
_zEuropa
_95902
942 _2lcc
_cB
999 _c1685
_d1685